000 00765nam a2200229 i 4500
001 19307
003 ES-MaACL
005 20250911062825.0
007 t|
008 020611s2001 sp ||||1| spa d
020 _a84-7522-982-4
080 _a821.111-14"19"
100 1 _aEliot, T. S.,
_d1888-1965
_946996
245 1 0 _aInventos de la liebre de marzo
_b: poemas 1909-1917 /
_cThomas Stearns Eliot ; traducción, prólogo y notas de Dámaso López García.
260 _aMadrid :
_bVisor Libros,
_c2001.
300 _a175 p. ;
_c20 cm.
490 1 _aColección Visor de poesía ;
_v467
700 1 _aLópez García, Dámaso.
_973659
830 0 _aColección Visor de poesía
_v467
_9177331
852 _aES-MaACL
_jL-25743
_bR.131244
999 _c19307
_d19307